Osnovy menedžmenta : kurs lekcij /

Hlavní autor: Antušák, Emil, 1948-
Korporativní autor: Vysoká škola ekonomická v Praze. Podnikohospodářská fakulta
Jazyk: Ruština
Vydáno: Praha : Oeconomica, 2011
Vydání: Vyd. 1.
Témata:
Fyzický popis: 466 s. : il., portréty ; 30 cm
Knihy
Uloženo v:
LEADER 01482nam a2200397 a 4500
001 nkc20112251155
003 CZ PrNK
005 20120123145811.0
007 ta
008 111101s2011 xr ac e p 000 0 rus
015 |a cnb002251155 
020 |a 978-80-245-1804-6  |q (brož.) :  |c Kč 333,00 
035 |a (OCoLC)773171994 
040 |a BOA001  |b cze  |d ABA001 
072 7 |a 005  |x Management. Řízení  |2 Konspekt  |9 4 
072 7 |a 37.016  |x Učební osnovy. Vyučovací předměty. Učebnice  |2 Konspekt  |9 22 
080 |a 005  |2 MRF 
080 |a (075.8)  |2 MRF 
100 1 |a Antušák, Emil,  |d 1948-  |7 xx0001588  |4 aut 
245 1 0 |a Osnovy menedžmenta :  |b kurs lekcij /  |c Emil Antušák 
250 |a Vyd. 1. 
260 |a Praha :  |b Oeconomica,  |c 2011 
300 |a 466 s. :  |b il., portréty ;  |c 30 cm 
500 |a Nad názvem: Vysoká škola ekonomická v Praze, Fakulta podnikohospodářská 
504 |a Obsahuje bibliografii a bibliografické odkazy 
521 8 |a Doporučeno pro studium na VŠE v Praze 
650 0 7 |a management  |7 ph115217  |2 czenas 
650 0 9 |a management  |2 eczenas 
655 7 |a učebnice vysokých škol  |7 fd133772  |2 czenas 
655 9 |a textbooks (higher)  |2 eczenas 
710 2 |a Vysoká škola ekonomická v Praze.  |b Podnikohospodářská fakulta  |7 kn20010709402 
910 2 |a BOA001  |b 4-1275.946 
990 |a BK 
995 |a 01 
991 |b 201112  |c NOV  |e n 
996 6 |b 2610495743  |c 4-1275.946  |l MZK  |r Sklad / do 1 hodiny  |n 0  |p p.v.  |w 001217716  |u 000010  |a 1  |e BOA001  |j MZK50  |s P